000 00290nam a2200121Ia 4500
008 220217s9999||||xx |||||||||||||| ||und||
082 _a070 ROB
100 _aRobinson
_94474
245 0 _aGems of world knowledge
260 _aedu-max
_b2005
300 _b399
650 _aGENERAL BOOKS
999 _c174124
_d174124